| 000 | 00496nam a2200181Ia 4500 | ||
|---|---|---|---|
| 005 | 20250317123435.0 | ||
| 008 | 008 250317s9999 xx 000 0 eng d | ||
| 037 | _aTextbook | ||
| 040 |
_aFMSL _beng _cFMSL |
||
| 041 |
_aeng _2eng |
||
| 084 |
_aB2817 L0 _qFMSL |
||
| 100 | _aSukhatme P V | ||
| 245 | 0 | _aSampling theory of surveys | |
| 260 |
_aLondon _bLondon, Lowa State Univ. _c1970 |
||
| 300 | _a491p | ||
| 942 |
_cTB _hB2817 L0 |
||
| 999 |
_c1251255 _d1251255 |
||